| 000 | 01333nam a22002537a 4500 | ||
|---|---|---|---|
| 003 | SEM | ||
| 005 | 20260409115726.0 | ||
| 008 | 260331s2025 ai ||||gr||||||01|||arm|d | ||
| 020 | _a9789939593548 | ||
| 040 |
_aSEM _cSEM |
||
| 041 | _aarm | ||
| 082 | _a281.62(09)/Պ-79 | ||
| 100 |
_aՊողոսյան, Արարատ _cքհն․ _q(Poghosyan, Ararat) |
||
| 245 |
_aՍուրբ Էջմիածնի դերը ԺԶ-ԺԷ դարերի ազատագրական պայքարում / _cԱ․ քհն․ Պողոսյան ; Խմբ․՝ Սիրանուշ Գրիգորյան ; Կաթողիկոսություն ամենայն հայոց |
||
| 246 | _aThe Role of Holy Etchmiadzin in the Armenian Liberation struggle of the 16 th -17 th centuries / | ||
| 247 | _aРолъ Святого Эчмиадзина в Армянской Освободительной боръбе XVI- XVII веков / | ||
| 260 |
_aՍ․ Էջմիածին ։ _bՄայր Աթոռ Ս․ Էջմիածնի հրատ․, _c2025․ |
||
| 300 |
_a310 էջ ; _c23 սմ |
||
| 650 |
_aՀայ եկեղեցու պատմություն _xազատագրական պայքար _xԺԶ - ԺԷ դարում |
||
| 653 | _aՍԷՄ | ||
| 700 |
_aԳրիգորյան, Սիրանուշ _eխմբ․ _4edt. |
||
| 710 | _aԿաթողիկոսություն ամենայն հայոց | ||
| 942 |
_2ddc _cBK _n0 |
||
| 999 |
_c77221 _d77221 |
||